Statistics for Every Number 1 Song of the 2020s (So Far)

Click here to take the quiz!

General Stats

  • This quiz has been taken 17 times
    (9 since last reset)
  • The average score is 22 of 55

Answer Stats

ArtistSongTime% Correct
The WeekndBlinding LightsApr, May 2020
88%
Olivia RodrigoDrivers LicenseJan-Mar 2021
88%
Mariah CareyAll I Want For Christmas Is YouJan, Dec 2020
75%
Mariah CareyAll I Want For Christmas Is YouJan, Dec 2021
75%
Mariah CareyAll I Want For Christmas Is YouJan 2022
75%
Mariah CareyAll I Want For Christmas Is YouDec 2022
75%
Harry StylesAs It WasApr, May, Jun, Jul, Sep, Oct 2022
75%
Post MaloneCirclesJan 2020
75%
Olivia RodrigoGood 4 UMay 2021
75%
Glass AnimalsHeat WavesMar-Apr 2022
75%
Harry StylesWatermelon SugarAug 2020
75%
AdeleEasy On MeOct-Nov, Dec 2021
63%
AdeleEasy On MeJan 2022
63%
Sam Smith & Kim PetrasUnholyOct 2022
63%
The Encanto CastWe Don't Talk About BrunoFeb-Mar 2022
63%
BTSButterJun-July, Aug, Sep 2021
50%
BTSDynamiteSep-Oct 2020
50%
Lil Nas X & Jack HarlowIndustry BabyOct 2021
50%
24kGoldn & Iann DiorMoodOct, Nov, Dec 2020
50%
24kGoldn & Iann DiorMoodJan 2021
50%
DaBaby & Roddy RicchRockstarJun, Jul-Aug 2020
50%
Roddy RicchThe BoxJan-Mar 2020
50%
Taylor SwiftAnti-HeroNov-Dec 2022
38%
Silk SonicLeave the Door OpenApr, May 2021
38%
Lil Nas XMonteroApr 2021
38%
Justin Bieber, Daniel Ceasar, & GiveonPeachesApr 2021
38%
Megan Thee Stallion & BeyoncéSavageMay 2020
38%
The Weeknd & Ariana GrandeSave Your TearsMay 2021
38%
The Kid Laroi & Justin BieberStayAug-Sep, Oct 2021
38%
Cardi B & Megan Thee StallionWAPAug, Sep 2020
38%
LizzoAbout Damn TimeJul-Aug 2022
25%
Steve LacyBad HabitOct 2022
25%
Jack HarlowFirst ClassApr, May 2022
25%
Drake & 21 SavageJimmy CooksJul 2022
25%
Coldplay & BTSMy UniverseOct 2021
25%
Lady Gaga & Ariana GrandeRain on MeJun 2020
25%
Polo GRapstarApr-May 2021
25%
Jawsh 685, Jason Derulo, & BTSSavage Love (Laxed – Siren Beat)Oct 2020
25%
Travis Scott & Kid CudiThe ScottsMay 2020
25%
Future, Drake, & TemsWait for UMay 2022
25%
Taylor SwiftAll Too Well (Taylor's Version)Nov 2021
13%
BeyoncéBreak My SoulAug 2022
13%
Taylor SwiftCardiganAug 2020
13%
Travis Scott, Young Thug, & M.I.A.FranchiseOct 2020
13%
BTSLife Goes OnDec 2020
13%
BTSPermission to DanceJuly 2021
13%
Doja Cat & Nicki MinajSay SoMay 2020
13%
Ariana Grande & Justin BieberStuck With UMay 2020
13%
Nicki MinajSuper Freaky GirlAug 2022
13%
DrakeToosie SlideApr 2020
13%
6ix9ine & Nicki MinajTrollzJun 2020
13%
Cardi BUpMar 2021
13%
Drake, Future, & Young ThugWay 2 SexySep 2021
13%
Taylor SwiftWillowDec 2020
13%
DrakeWhat's NextMar 2021
0%

Score Distribution

Percentile by Number Answered

Percent of People with Each Score

Your Score History

You have not taken this quiz since the last reset